ANATOMY & PHYSIOLOGY (Record no. 7321)

MARC details
000 -LEADER
fixed length control field 00306nam a2200133Ia 4500
008 - FIXED-LENGTH DATA ELEMENTS--GENERAL INFORMATION
fixed length control field 150301s2015 xx 000 0 und d
082 ## - DEWEY DECIMAL CLASSIFICATION NUMBER
Classification number 611/612
Item number A14T
100 ## - MAIN ENTRY--PERSONAL NAME
Personal name TORTORA, G.J
245 ## - TITLE STATEMENT
Title ANATOMY & PHYSIOLOGY
260 ## - PUBLICATION, DISTRIBUTION, ETC. (IMPRINT)
Name of publisher, distributor, etc. WILIY-IND
300 ## - PHYSICAL DESCRIPTION
Extent 1175
650 ## - SUBJECT ADDED ENTRY--TOPICAL TERM
Topical term or geographic name as entry element PHARMACEUTICS
942 ## - ADDED ENTRY ELEMENTS (KOHA)
Source of classification or shelving scheme Dewey Decimal Classification
Koha item type Books
Koha issues (borrowed), all copies 1
Holdings
Withdrawn status Lost status Source of classification or shelving scheme Damaged status Not for loan Collection code Home library Current library Shelving location Date acquired Source of acquisition Cost, normal purchase price SGTU Bill Number Total Checkouts Full call number Barcode Date last seen Date last checked out Bill Date Koha item type
    Dewey Decimal Classification     PHARMACY SGT FA-FP Library SGT FA-FP Library Reference Book 02/07/2015 ABC-DELHI 2795.00 SGTU 5588 3 611/612 A14T FP1344 24/11/2021 24/11/2021 04/04/2015 Books
    Dewey Decimal Classification     PHARMACY SGT FA-FP Library SGT FA-FP Library Reference Book 02/07/2015 ABC-DELHI 2795.00 SGTU 5588 5 611/612 A14T FP1345 02/12/2019 02/12/2019 04/04/2015 Books